Statistics for Country by Coast (Picture Quiz) #1

Click here to take the quiz!

General Stats

  • This quiz has been taken 23 times
  • The average score is 10 of 16

Answer Stats

Answer% Correct
Brazil
100%
Croatia
87%
United Arab Emirates
87%
Japan
83%
South Africa
83%
Canada
78%
Sweden
78%
France
57%
Indonesia
57%
New Zealand
57%
Tunisia
52%
Australia
48%
United Kingdom
48%
Mexico
43%
Morocco
43%
Chile
35%

Score Distribution

Percentile by Number Answered

Percent of People with Each Score

Your Score History

You have not taken this quiz